000 00586nab a2200193 4500
001 244442
003 OSt
005 20260126143704.0
007 tu
008 260126s2020|||||||
040 _aDE-2950
_cDE-2950
245 0 0 _aNeue Schule geht an den Start
_bBildung. Für die neu gegründete dritte Oberschule der Stadt sind ab sofort Anmeldungen möglich/
_cred
264 _c2025
653 _aFrankfurt (Oder)
653 _aneue Schule
653 _a3. Oberschule
773 0 _g37. Jahrgang (2026) Nr. 20 vom 24.01.2026 , S. 15 mit Foto
_tMärkische Oderzeitung
942 _2z
_cA
999 _c374223
_d374223